000 02203nam a2200421 c 4500
003 BLK
005 20190221175054.0
008 180412b bul|||||r ||||||| ||bul||
010 _aKNG00007118000
020 _a954-689-001-4
_bиздат.: ТедИна
040 _aBLK
041 _aBUL
_cBUL
080 _aИкономическо развитие
_b330.34
_x
_z330.34
080 _aУправление на стопанството в условията на пазарно стопанство
_b338.242
_x
_z338.242
080 _aЕтика на бизнеса. Успех
_b174.4
_x
_z174.4
100 1 _aХемпдън-Търнър, Чарлз
_eпърви автор
_9136756
700 1 _aТромпенаарс, Алфонс
_eсъавт.
_9131533
700 1 _aМартинова, Нина
_eпрев. от англ.
_9250782
139 _aХемпдън-Търнър, Чарлз и др.
_bХ 41
245 1 0 _aСедемте култури на капитализма
_bЦенностни системи за забогатяване в САЩ, Япония, Германия, Франция, Великобритания, Швеция, Холандия
_cЧарлз Хемпдън-Търнър; съавт. Алфонс Тромпенаарс; прев. от англ. Нина Мартинова.
257 _aGBR
260 Варна
_bТедИна
_c1995
300 _a364 с.
_bсъс сх., табл.
_c24 см
380 _a3
500 _aОриг. загл. The seven cultures of capitalism / Charles Hamden-Turner, Alfons Trompenaars ; 4 000 тир. - Библиогр. с. 334-344.
504 _a334-344
650 4 _aИкономическо развитие - капиталистически страни - влияние на културните традиции
_9250783
650 4 _aСтопанство - управление
_9244936
650 4 _aУправление - стопанство
_9244937
650 4 _aБизнес - етични проблеми
_9243750
653 _aстопанско управление
653 _aбизнес
852 _aЦб 182685
856 4 _qpdf
_u
856 4 _qpdf
_u
942 _cKNG
_n0
_04
944 _aCR
_c15.01.2003
_kКети_Илиева
944 _aED
_c13.09.2005
_k
999 _c5908
_d5908